(08) - 50 villes les plus peuplées d'Ardennes (08) - Statistiques

Statistiques générales
  • Ce quiz a été pris 85 fois
  • Le résultat moyen est 23 sur 50
Statistiques - réponses
nombre d'habitant ville % Correct
45 634 Charleville-Mézières
97%
16 727 Sedan
95%
7 435 Rethel
89%
1 932 Sault-lès-Rethel
89%
6 356 Givet
86%
3 862 Vouziers
79%
5 548 Nouzonville
73%
5 795 Revin
73%
4 947 Bogny-sur-Meuse
63%
2 256 Rocroi
63%
3 524 Vrigne aux Bois
62%
3 118 Fumay
60%
2 155 Monthermé
57%
2 745 Carignan
56%
2 236 Mouzon
54%
3 628 Villers-Semeuse
54%
1 346 Signy-l'Abbaye
52%
1 106 Attigny
49%
2 459 Bazeilles
44%
1 989 Donchery
44%
2 149 Douzy
44%
2 235 Nouvion-sur-Meuse
44%
2 811 Vivier-au-Court
44%
1 806 Haybes
43%
1 297 Château-Porcien
40%
1 682 Flize
40%
1 637 Renwez
40%
1 081 Asfeld
38%
2 277 Floing
38%
1 647 La Francheville
38%
1 103 Lumes
38%
1 849 Vireux-Wallerand
38%
1 675 Aiglemont
37%
1 058 Tournes
35%
1 596 Balan
33%
1 232 Juniville
33%
1 387 Prix-lès-Mézières
32%
1 073 Saint-Laurent
32%
1 560 Montcy-Notre-Dame
30%
1 328 Rimogne
30%
1 253 Les Hautes-Rivières
25%
1 280 Warcq
25%
1 044 Deville
24%
1 482 Vireux-Molhain
19%
1 053 Dom-le-Mesnil
17%
1 055 Givonne
17%
1 093 Blagny
16%
1 219 Signy-le-Petit
16%
1 129 Pouru-Saint-Remy
13%
1 038 Fromelennes
11%
Aucun quiz correspondant
Distribution des résultats
% des personnes avec chaque résultat
Percentile par nombre de réponses
Votre historique - résultats
Vous n’avez pas pris ce quiz